Personnages Harry Potter - Mort Subite - Statistiques

Statistiques générales
  • Ce quiz a été pris 342 fois
  • Le résultat moyen est 12 sur 15
Answers on the Grid
Answers color-coded by a green-red scale on the quiz's grid according to % correct below.
James Bond
Michel Jackson
Minerva macgonagal
Ron Weasley
Jérémy Armand
Tom Elvis jedusort
Jack Sparrow
Billy Stubbs
Albus dumpe
Zabbiny blaise
Julien labobine
Sirius Black
Séverus Rogue
Zantafio
Dudley dursley
Rémus john lupin
Dolores ombrage
Lincoln loud
François de Sales
Harry Potter
Air-mi-one grande-ger
Lucius Malefoy
Peeve
Michel de la porte
Lord Voldemort
Horas slughorne
Véronique merci
Véronique luvicide
 
Statistiques - réponses
Réponse % Correct
Lord Voldemort
93%
Lucius Malefoy
93%
Sirius Black
93%
Harry Potter
92%
Ron Weasley
91%
Séverus Rogue
91%
Dudley dursley
89%
Minerva macgonagal
89%
Dolores ombrage
85%
Tom Elvis jedusort
83%
Rémus john lupin
80%
Horas slughorne
74%
Peeve
60%
Zabbiny blaise
40%
Billy Stubbs
19%
Aucun quiz correspondant
Distribution des résultats
% des personnes avec chaque résultat
Percentile par nombre de réponses
Votre historique - résultats
Vous n’avez pas pris ce quiz